Syntetické využitie N-benzylpiperidin-4-ónu na prípravu nových biologicky aktívnych látok, elektroaktívných molekulárnych materiálov a tenkovrstvových solárných článkov diplomová práca

Gespeichert in:
Bibliographische Detailangaben
1. Verfasser: Korcová, Júlia
Format: Buch
Sprache:Slowakisch
Veröffentlicht: Bratislava STU FCHPT 2017
Online-Zugang:Im OPAC anzeigen
Tags: Tag hinzufügen
Keine Tags, Fügen Sie das erste Tag hinzu!

MARC

LEADER 00000nam a2200000 a 4500
005 20260127134039.0
008 170822 2017 xo 001 0 slo d
035 |a vtls011707908 
039 9 |y 201708221216  |z mschk03 
040 |a STUSCHK1  |b slo  |c STUSCHK1  |e AACR2 
100 1 |a Korcová, Júlia 
245 1 |a Syntetické využitie N-benzylpiperidin-4-ónu na prípravu nových biologicky aktívnych látok, elektroaktívných molekulárnych materiálov a tenkovrstvových solárných článkov  |b diplomová práca  |c Júlia Korcová 
260 |a Bratislava  |b STU FCHPT  |c 2017 
300 |a 102 s.  |b il.  |c 25 cm 
500 |a Študijný program: technická chémia 
500 |a Študijný odbor: chémia, chemické technológie 
500 |a Školiace pracovisko: Oddelenie organickej chémie 
500 |a Evid. číslo: FCHPT-104542-61242 
910 |a SCHK95 
999 |c 2859  |d 2859